| 000 | 00588nam a2200217 a 4500 | ||
|---|---|---|---|
| 005 | 20140310183151.0 | ||
| 008 | 021016s19uu xx 00 eng d | ||
| 020 | _a9780439139595 | ||
| 050 |
_aPZ 7 _b.R79835Gf 2000 |
||
| 100 | _aRowling, J.K. | ||
| 245 |
_aHarry Potter and the goblet of fire / _cJ.K Rowling. |
||
| 250 | _aBook 4 | ||
| 260 |
_aNew York : _bScholastic Inc, _c2000. |
||
| 300 |
_a734 p. : _bill. ; _c24 cm. |
||
| 650 |
_aWizard _xfiction |
||
| 650 |
_aMagic _xfiction |
||
| 650 |
_aSchool _xfiction |
||
| 942 |
_cBK _2lcc _kFOR |
||
| 999 |
_c19663 _d19663 |
||